Plan general de contabilidad / (Record no. 47829)

MARC details
000 -LEADER
campo de control de longitud fija 00812nam a2200265 i 4500
001 - NÚMERO DE CONTROL
campo de control 47829
003 - IDENTIFICADOR DE NÚMERO DE CONTROL
campo de control ES-MaACL
005 - FECHA Y HORA DE LA ÚLTIMA TRANSACCIÓN
campo de control 20230906161636.0
007 - CAMPO FIJO DE DESCRIPCIÓN FÍSICA--INFORMACIÓN GENERAL
campo de control de longitud fija t|
008 - DATOS DE LONGITUD FIJA--INFORMACIÓN GENERAL
campo de control de longitud fija 030528s2002 sp ||||1| spa d
020 ## - NÚMERO INTERNACIONAL ESTÁNDAR DEL LIBRO
Número Internacional Estándar del Libro 84-368-1689-7
080 ## - NÚMERO DE LA CLASIFICACIÓN DECIMAL UNIVERSAL
Número de la Clasificación Decimal Universal 347.719(460)"19"(094.5)
110 2# - ENTRADA PRINCIPAL--NOMBRE DE ENTIDAD CORPORATIVA
Nombre de entidad corporativa o nombre de jurisdicción como elemento de entrada España.
Unidad subordinada Ministerio de Economía y Hacienda.
9 (RLIN) 3856
240 10 - TÍTULO UNIFORME
Título uniforme Plan general de contabilidad
245 10 - MENCIÓN DEL TÍTULO
Título Plan general de contabilidad /
Mención de responsabilidad, etc. prólogo de Leandro Cañibano.
250 ## - MENCION DE EDICION
Mención de edición 2ª ed.
260 ## - PUBLICACIÓN, DISTRIBUCIÓN, ETC.
Lugar de publicación, distribución, etc. Madrid :
Nombre del editor, distribuidor, etc. Pirámide,
Fecha de publicación, distribución, etc. [2002]
300 ## - DESCRIPCIÓN FÍSICA
Extensión 275 p. ;
Dimensiones 23 cm.
490 1# - MENCIÓN DE SERIE
Mención de serie Economía y empresa
650 14 - PUNTO DE ACCESO ADICIONAL DE MATERIA--TÉRMINO DE MATERIA
Término de materia o nombre geográfico como elemento de entrada Contabilidad-
Subdivisión geográfica España.
9 (RLIN) 11308
700 1# - ENTRADA AGREGADA--NOMBRE PERSONAL
Nombre de persona Cañibano Calvo, Leandro.
9 (RLIN) 34753
830 0# - PUNTO DE ACCESO ADICIONAL DE SERIE-TÍTULO UNIFORME
Título uniforme Economía y empresa
9 (RLIN) 180436
852 ## - LOCALIZACIÓN
Ubicación ES-MaACL
Número de control de estantería L-26370
Sublocalización o colección R.132191
Holdings
Estatus retirado Estado de pérdida Estado de daño No para préstamo Biblioteca de origen Biblioteca actual Ubicación en estantería Fecha de adquisición Fuente de adquisición Total de préstamos Signatura topográfica completa Código de barras Visto por última vez Precio de reemplazo Tipo de ítem Koha
        Biblioteca del Ateneo de Madrid Biblioteca del Ateneo de Madrid Depósito 2 17/01/2008     L-26370 1050333 23/02/2023 23/02/2023 Libro impreso